000 01005nam a2200241 i 4500
001 110566
003 ES-MaACL
005 20251221063014.0
007 t|
008 070201q1900 sp ||||1| spa d
080 _a821.131.1-31"18"
100 1 _aSalgari, Emilio,
_d1862-1911
_9242636
245 1 3 _aLa mujer del pirata :
_bsegunda parte de Sandokan : (los tigres de Mompracem) : novela de aventuras /
_cEmilio Salgari ; traducida al castellano por R. Balsa de la Vega ; ilustraciones de C. Linzaghi y M. Picolo.
260 _aMadrid :
_bSaturnino Calleja Fernández,
_c[ca. 1900]
300 _a323 p. :
_bil. ;
_c17 cm.
490 1 _aBiblioteca Calleja. Obras literarias de autores célebres ;
_v21
700 1 _aBalsa de la Vega, Rafael.
_925104
700 1 _aLinzachi, Carlo.
_972471
700 1 _aPicolo, Manuel,
_d1851-1913
_991873
830 1 _aBiblioteca Calleja. Obras literarias de autores célebres ;
_v21
_9188462
852 4 _aES-MaACL
_jD-3524
999 _c110566
_d110566